000 00636nam a2200241Ia 4500
003 OSt
005 20221005043645.0
006 a|||||r|||| 00| 0
007 ta
008 GUJ
024 _a15333
037 _bGift, 20/01/2015,
_cTextual
040 _aCRL
_cCRL
_bGUJ
041 _2GUJ
_aGUJ
082 _aO156,3NSH,HA, N2
100 _aShayda
_9591760
245 0 _aHameeda
_b A novel in gujarati
260 _aGujrat
_bShayda Prakashan India
_c1992
300 _a304p.
_ccm.
650 _aGUJRATI LITERATURE
942 _hO156,3NSH,HA, N2
_cTEXL
_2cc
999 _c952195
_d952195